[Event "BRA-ch 80th"]
[Site "Joao Pessoa"]
[Date "2013.12.18"]
[Round "7"]
[White "Mekhitarian, Krikor Sevag"]
[Black "Di Berardino, Diego Rafael"]
[Result "1-0"]
[WhiteElo "2566"]
[BlackElo "2494"]
[Annotator "Mekhitarian,K"]
[PlyCount "105"]
[EventDate "2013.12.13"]
[EventType "tourn"]
[EventRounds "11"]
[EventCountry "BRA"]
[EventCategory "7"]
[SourceTitle "CBM 158"]
[Source "ChessBase"]
[SourceDate "2014.01.16"]
[SourceVersion "1"]
[SourceVersionDate "2014.01.16"]
[SourceQuality "1"]

1. d4 Nf6 2. c4 g6 3. Nc3 Bg7 4. e4 d6 5. f4 $5 {An interesting weapon against
the KID - creating very rich positions. I had never played it before, which
meant my opponent would never expect it.} O-O 6. Nf3 Na6 $5 (6... c5 {is the
main move, leading to a Benoni position after} 7. d5 e6 8. Be2 exd5 9. cxd5 {
and now Black has a more calm Bg4-Bxf3,Nbd7, with Q-side intentions, or the
provocative Re8, diving into great complications} Bg4 (9... Re8 10. e5 dxe5 11.
fxe5 Ng4 $13 {and now has 12.Bg5, 12.e6 or 12.O-O, all of them leading to
delicate positions for both sides}) 10. O-O Nbd7 11. h3 Bxf3 12. Bxf3 Re8 $13 {
following with Qa5-b5. White will aim for a central break at some point,
trying to improve the scope of his B pair.}) 7. Bd3 c6 (7... e5 {is the most
common. Now for example:} 8. fxe5 dxe5 9. d5 {and Black could deal with this
position in many different ways} Nc5 (9... c5 $5 $13 {is also possible, trying
to come up with Ne8-Nd6. Meanwhile, White will probably try a3-b4. Once again,
I feel both sides have decent prospects}) 10. Bc2 a5 $13 {with balanced
chances.}) 8. O-O e5 9. fxe5 dxe5 10. d5 {Now it feels like Black has to play .
..Nc5 quickly in order to avoid Be3 and the subsequent c5-advance from White.}
Bg4 $6 (10... Nc5 {was still in order} 11. Bc2 cxd5 12. cxd5 b6 $5 {trying to
play Ba6, and also preparing ...Nb7-Nd6} (12... Ne8 $5 {with the idea of
Nd6-f5 at some point. And if White goes for b4, then ...Na6. In both cases, I
feel White maintains a solid space advantage, and good prospects on the Q-side.
})) 11. Be3 Nh5 12. c5 {Now I started to have good feelings about my chances.
I will be able to play Bc4, and since there is a lot of central action, his
f5-break will hardly come through. ...Nf4 as well is not something to worry
about. Now if I ever play h3 and grab his light-squared B under good
conditions, after Rad1, White will maintain a big advantage.} Nc7 13. Bc4 cxd5
14. Nxd5 $6 (14. exd5 $1 {is actually very strong. I thought about it for a
while, but 14.Nxd5 seemed very convincing, positionally speaking, so I wasn't
looking for more. This move, in the other hand, poses some real problems for
Black.} e4 $2 (14... b5 15. Bb3 Nf6 16. d6 e4 17. dxc7 Qxc7 18. Nxb5 Qa5 19.
Nd6 {frankly speaking, I wouldn't be too sure this position is any better than
the one I played. Looks somewhat shaky} exf3 20. Rf2 $1 {computer precision!
Now h3 is threatened, and white wants to take on f3 with a piece} fxg2 (20...
Rad8 21. h3 $18) 21. Qd4 $18) 15. Nxe4 Re8 {is just losing} 16. Bg5 $18 {
among other moves.}) 14... Ne6 (14... Nxd5 $1 15. Bxd5 Qe7 16. Qb3 Rab8 17. h3
Bd7 18. Rad1 Nf6 $14 {I believe White maintains some advantage, but it's not
simple, since Black could even take on d5, because the d-P by itself is not
such a big deal (after d6, Black has strong play on the light-squares with
Qe6-Bc6).}) 15. h3 Bxf3 16. Qxf3 {Rad1 is kind of an annoying threat, followed
by the calm b4, and Black is in deep trouble. That's why he tries something
active.} Nhf4 17. Rad1 $1 Ng5 18. Qg4 h5 {Here I got very excited about the
exchange sacrifice. But apparently, it was very strong to let go the e4-P and
ask him some questions.} 19. Nxf4 $6 (19. Qg3 $1 Nxe4 20. Qe1 {I also thought
about it for a while, but the endgame seemed like a convincing advantage to me.
In the other hand, something I didn't notice is that Black has to be careful
here not to lose right away.} Qe8 $8 21. Nc7 Qc6 22. Nxa8 Rxa8 (22... Nxg2 23.
Qe2 $1 Nxe3 24. Qxe3 Bh6 25. Qd3 $1 $18 {the problems on f7 will be enough
headache for black}) 23. g3 Nd6 $1 24. Bxf7+ Nxf7 25. gxf4 exf4 26. Bxf4 Qxc5+
27. Qe3 $16 {looks good, but Black is still on the game.}) 19... hxg4 20. Rxd8
Rfxd8 21. Nxg6 Nxe4 {Getting to this position I felt things were far more
complicated than I thought. For sure there's compensation, but I can't find
perfect coordination for my pieces. And I have some problems on the back rank 
(otherwise 22.Rxf7 Kh7 23.Nxe5 would be just winning).} 22. Bxf7+ (22. Ne7+ $5
Kh8 23. hxg4 {was playable as well, and very promising} Nf6 $1 $13) 22... Kh7
23. Ne7 Ng3 $1 24. Bg6+ $1 {Before Black is able to play Bf8, so then he could
answer Bg6+ with Kg7.} Kh8 25. Rf7 {It is very hard to make a decision as
Black now.} Ne2+ (25... Rf8 $5 26. hxg4 Rxf7 27. Bxf7 Rd8 $1 $132 (27... e4 $2
28. Bc4 $1 $16 {suddenly the g3-N is nearly trapped})) 26. Kf2 Nf4 27. Be4 Rf8
$1 28. Rf5 $1 {A good practical chance.} (28. Rxf8+ $6 {led to a drawn endgame:
} Bxf8 29. Bxf4 exf4 30. Bxb7 Bxe7 31. Bxa8 Bxc5+ 32. Kf1 gxh3 33. gxh3 $11 {
and despite White's passed h-P, and a potential one on the Q-side, the black
f3-P makes up for it and gives enough compensation to hold the balance.}) 28...
Rxf5 $2 (28... Rae8 $1 {would force me to take on f8, thus solving many
problems at once} 29. Rxf8+ Bxf8 {now I don't even have Bxb7 forcing a draw as
mentioned in the last move, but in any case, this will run into a draw most
likely:} 30. Nf5 gxh3 31. gxh3 Ne6 32. b4 b6 33. cxb6 axb6 34. a3 $13) 29. Nxf5
{Now it becomes very uncomfortable, since I achieve my perfect coordination,
and b7 becomes a real problem.} gxh3 30. gxh3 Rf8 (30... Rb8 $1 {was a
difficult and interesting defensive idea, planning a strong counterattack on
the white K} 31. Nd6 Rf8 32. Nxb7 Bh6 $1 {forcing} 33. Bxf4 {now the question
is if Black can create enough play to compensate for the strong passed c-P}
exf4 $1 34. b4 $5 $13 (34. c6 Bg7 $1 35. b4 Be5 {and seemingly, the drawing
chances are big once again, Kg7 to come, and a decent blockade on the white
pawns})) (30... Ne6 $5 {another creative idea, avoiding the capture on b7 with
a nice trick} 31. b4 $5 $13 (31. Bxb7 $2 Rb8 32. Nxg7 (32. c6 Rf8 $1 $17) 32...
Nxc5 $1 33. Bxc5 Rxb7 $11)) 31. Kg3 Rg8 $2 32. Kf3 $2 (32. Bxb7 $18 {was just
winning right away.}) 32... Rf8 33. Kg4 {Now I felt it and if 33...Rg8 I was
going to take on b7. But he realised it in time as well.} Rb8 (33... b6 $1 {
was the most stubborn. Now for example:} 34. c6 Bf6 {with Bd8 next, the N
stays on f4 and could make the h-P advance task a little bit tougher} 35. Nd6
Bd8 36. h4 $16) 34. Nd6 {In any case, Black is also lost here.} b6 35. c6 Ne6
36. h4 (36. Nb5 $1 {was the simplest path again} a6 37. Bf5 $1 $18) 36... Nc7 {
From now until the end, there were several winning lines - I didn't choose the
most convincing one, but didn't spoil the game as well (as we all know, it is
never too late to do so!).} 37. h5 Bf8 38. Nf7+ Kg8 39. Nxe5 Re8 40. Kf5 Bg7
41. Nd7 Bxb2 42. Bf4 Rc8 43. Kg6 Kh8 44. h6 Ne6 45. Be5+ Bxe5 46. Nxe5 Nd8 47.
Nf7+ $1 Nxf7 48. Kxf7 Rd8 49. Bf5 Rd5 50. Ke6 Rc5 51. Be4 Rc4 52. Bd5 Rc3 53.
Kd6 1-0

[Event "BRA-ch 80th"]
[Site "Joao Pessoa"]
[Date "2013.12.21"]
[Round "11"]
[White "Macedo, Maximo Iack Miranda"]
[Black "Mekhitarian, Krikor Sevag"]
[Result "0-1"]
[WhiteElo "2369"]
[BlackElo "2566"]
[Annotator "Mekhitarian,K"]
[PlyCount "52"]
[EventDate "2013.12.13"]
[EventType "tourn"]
[EventRounds "11"]
[EventCountry "BRA"]
[EventCategory "7"]
[SourceTitle "CBM 158"]
[Source "ChessBase"]
[SourceDate "2014.01.16"]
[SourceVersion "1"]
[SourceVersionDate "2014.01.16"]
[SourceQuality "1"]

1. d4 Nf6 2. c4 e6 3. Nc3 Bb4 4. f3 $5 {A very ambitious way to fight the
Nimzo-Indian. This leads to double-edged positions, and is suited for players
looking for unbalanced positions. GM Volkov has been fond of this line for
many years (and 161 games according to my database, that's a lot!).} c5 $5 {
Going with the flow, I choose a very challenging line, based on a P sacrifice
on move 8 that I had checked for a short time before the game, but it felt
consistent to me.} 5. d5 d6 6. e4 O-O 7. Bd3 b5 8. Nge2 Nbd7 $5 (8... bxc4 $5 {
was possible as well} 9. Bxc4 exd5 10. Bxd5 Nxd5 11. Qxd5 Qb6 $1 12. O-O (12.
Qxa8 $2 Bb7 $19) 12... Nc6 13. Be3 Rd8 {with Be6 next, again into an
unbalanced position. 8...Nbd7 is riskier, but keeps things way more tense.}) 9.
dxe6 fxe6 10. cxb5 d5 $44 {This reminded me of some sort of Blumenfeld
structure, where Black plays for positional compensation, and a 'movable'
centre.} 11. O-O Bb7 12. exd5 $5 {A correct decision, I think. The e-file is
now open for Black, but White also gets space for some of his pieces as well.}
exd5 13. Nf4 Re8 14. Bf5 Nf8 $6 {Looks logical, controlling the counterplay,
but not the most vigorous.} (14... Ne5 $1 {this was the alternative I
considered for a while. After all, it the correct way to deal with the
position, with strong active ideas} 15. Be6+ (15. Ne6 Qd6 16. Bf4 Rxe6 17.
Bxe6+ Qxe6 18. Re1 Ne4 $5 (18... Nxf3+ $5) 19. fxe4 d4 $13) 15... Kh8 16. Bxd5
Nxd5 17. Ncxd5 (17. Nfxd5 Bxc3 18. Nxc3 Nd3 $44) 17... Ba5 $44 {with a very
rich position, Black maintains a strong compensation, even being 2 Ps down -
g5 right now is threatened. For example:} 18. Ne3 c4 $5 (18... Qb6 $5 {Rad8 to
come})) 15. Kh1 (15. Nd3 $1 {had me really worried during the game. I just
realized this after playing 14...Nf8. I didn't know exactly what to do} Bc8 {
was a possible idea, developing the a8-R and wanting to get the P back on b5
at some point. Things now become very delicate, and Black is able to try and
hold the balance with perfect play:} 16. Bxc8 Rxc8 17. Bg5 $1 Bxc3 18. bxc3 Ne6
19. Bxf6 $2 (19. Bh4 $1 c4 20. Nb4 d4 $1 21. Nc6 Qb6 22. cxd4 (22. Nxd4 $2 Nd5
$1 $36) (22. Bxf6 gxf6 23. cxd4 Nxd4 24. Qxd4 Rxc6 25. Qxb6 Rxb6 26. a4 a6 $14
{with huge drawing chances}) 22... Nd5 23. Re1 (23. a4 Ne3 24. Qd2 Nxf1 25.
Rxf1 a6 $1 $13) (23. Bf2 a6 24. a4 Nef4 $1 $44 {Nd3 next}) 23... a6 24. a4 axb5
25. axb5 Nc3 26. Qd2 Nxb5 27. Ne7+ Rxe7 28. Bxe7 c3 29. Qe3 Qxd4 {with good
chances to hold once again}) 19... Qxf6 $44) 15... Ba5 16. Qc2 g6 17. Bh3 {
For each move, there are many possibilities. For example:} c4 (17... Qd6 $5 {
now Bc7 with mating ideas on h2, as well as simply bringing Rad8, or even Bc8.
Specially in this case, after a possible Bxc8 Raxc8, White has to be watching
d4 seriously, because Na4 attacking c5 won't be an option anymore.}) (17... a6
$5) 18. Na4 (18. Bd2 $5 {trying to develop slowly. I had this crazy idea
during the game, apparently it kind of works} g5 19. Nfe2 g4 $1 20. fxg4 d4 $1
$36 {and who knows what's going on here?}) 18... Qd6 (18... Bc8 $1 {getting
the R on c8 is very important, so d4 becomes possible} 19. Bxc8 Rxc8 20. Bd2
Bc7 $44) 19. Ne2 {This makes sense, trying to blockade on d4, and also
bringing the B out to g5 (not to Bf4 because of ...Rxe2!).} (19. Bd2 $1 Bxd2
20. Qxd2 d4 $44 {was my idea during the game. With Rad8 next.}) 19... Rad8 $6 (
19... N8d7 $1 {this was very important, trying to bring it to e5, and
specially to avoid Bg5:} 20. Bg5 $2 Qe5 $1 {This was my idea also with 19...
Rad8, but in that case, after 20.Bg5 Qe5, 21.f4! is good for White, since the
f6-N is hanging} 21. Bxf6 Nxf6 {and without the dark-squared B, the
compensation becomes much bigger} 22. Ng3 Bc8 23. Bxc8 Raxc8 $17 {now simply
d4 is coming, and White is in bad shape.}) 20. Nac3 $2 (20. Bg5 $1 Qe5 $2 (
20... N8d7 {would have to be played, and now, under worse circumstances} 21.
Ng3 $14 {with Rad1 next, White is regrouping slowly, and thinks about soon
consolidating his material advantage. Naturally, there is still play, but it's
much more comfortable than before}) 21. f4 $1 Qxe2 22. Qxe2 Rxe2 23. Bxf6 Rde8
24. Rad1 $16 {now after Bd4-Nc3, Black is the one in potential trouble.}) 20...
d4 $17 21. Ne4 Nxe4 22. fxe4 Qc5 {This looks awful for White, but the game
wasn't over yet.} 23. b4 $2 {Now it's over.} (23. Ng3 d3 24. Qa4 $1 d2 25. Qxa5
d1=Q 26. Be3 $1 Qxf1+ 27. Nxf1 Qe5 $17) 23... Bxb4 $19 24. Rxf8+ Rxf8 25. Be6+
Kg7 26. Ng3 d3 {And with this, I was able to catch the silver medal in the
Brazilian Championship. A crazy rollercoaster tournament, where I started with
6.5/7, and lost two very important games in a row with White (9th and 10th
rounds), losing my chances to fight for the title against GM Leitao, and at
the same time, almost letting the 2nd place slip through my fingers. After all,
I was very satisfied to score this very important win.} 0-1

[Event "Nord West Cup 16th"]
[Site "Bad Zwischenahn"]
[Date "2014.01.23"]
[Round "1"]
[White "Mekhitarian, Krikor Sevag"]
[Black "Ditmas, Hugh"]
[Result "1-0"]
[WhiteElo "2566"]
[BlackElo "2026"]
[PlyCount "67"]
[EventDate "2014.01.23"]
[EventType "swiss"]
[EventRounds "7"]
[EventCountry "GER"]
[SourceTitle "CBM 158 Extra"]
[Source "ChessBase"]
[SourceDate "2014.02.28"]
[SourceVersion "1"]
[SourceVersionDate "2014.02.28"]
[SourceQuality "1"]

1. e4 c5 2. Nf3 Nc6 3. d4 cxd4 4. Nxd4 Nf6 5. Nc3 e5 6. Ndb5 d6 7. Bg5 a6 8.
Na3 b5 9. Bxf6 gxf6 10. Nd5 f5 11. Bd3 Be6 12. O-O Bxd5 13. exd5 Ne7 14. Re1
Bg7 15. c3 O-O 16. Qh5 e4 17. Bf1 Qd7 18. Rad1 Rfe8 19. g3 Ng6 20. Bh3 Re5 21.
Nc2 Rc8 22. f4 exf3 23. Rxe5 Bxe5 24. Bxf5 Qa7+ 25. Kf1 Rc5 26. Qxf3 Qb7 27.
Nb4 Bg7 28. Be4 a5 29. Nc6 b4 30. Bxg6 hxg6 31. Re1 bxc3 32. Ne7+ Kh8 33. Qxf7
Rc8 34. Nxg6+ 1-0

[Event "Nord West Cup 16th"]
[Site "Bad Zwischenahn"]
[Date "2014.01.25"]
[Round "5"]
[White "Mekhitarian, Krikor Sevag"]
[Black "Dgebuadze, Alexandre"]
[Result "1/2-1/2"]
[WhiteElo "2566"]
[BlackElo "2515"]
[PlyCount "44"]
[EventDate "2014.01.23"]
[EventType "swiss"]
[EventRounds "7"]
[EventCountry "GER"]
[SourceTitle "CBM 158 Extra"]
[Source "ChessBase"]
[SourceDate "2014.02.28"]
[SourceVersion "1"]
[SourceVersionDate "2014.02.28"]
[SourceQuality "1"]

1. e4 e6 2. d4 d5 3. Nc3 Bb4 4. e5 c5 5. a3 Bxc3+ 6. bxc3 Nc6 7. Qg4 Qa5 8. Bd2
g6 9. a4 c4 10. Nf3 Bd7 11. Be2 h6 12. O-O O-O-O 13. Rfb1 g5 14. Qh5 f6 15. Qf7
f5 16. Rb5 Qc7 17. Bc1 Nge7 18. Ba3 Rdf8 19. Qg7 Rfg8 20. Qf6 Rf8 21. Qg7 Rfg8
22. Qf6 Rf8 1/2-1/2

[Event "Nord West Cup 16th"]
[Site "Bad Zwischenahn"]
[Date "2014.01.26"]
[Round "6"]
[White "Meins, Gerlef"]
[Black "Mekhitarian, Krikor Sevag"]
[Result "1/2-1/2"]
[WhiteElo "2450"]
[BlackElo "2566"]
[PlyCount "50"]
[EventDate "2014.01.23"]
[EventType "swiss"]
[EventRounds "7"]
[EventCountry "GER"]
[SourceTitle "CBM 158 Extra"]
[Source "ChessBase"]
[SourceDate "2014.02.28"]
[SourceVersion "1"]
[SourceVersionDate "2014.02.28"]
[SourceQuality "1"]

1. d4 Nf6 2. c4 e6 3. Nf3 Bb4+ 4. Bd2 Qe7 5. g3 Bxd2+ 6. Qxd2 Nc6 7. Nc3 d5 8.
cxd5 exd5 9. Bg2 Bg4 10. h3 Bxf3 11. Bxf3 O-O-O 12. e3 Ne4 13. Nxe4 dxe4 14.
Be2 Rd6 15. O-O-O Nb4 16. Kb1 Nd5 17. Rc1 Kb8 18. h4 Rhd8 19. Rc2 Rf6 20. Qe1
Qd7 21. a3 Qa4 22. Rc5 Qd7 23. Bc4 c6 24. Bxd5 cxd5 25. Qe2 Rc8 1/2-1/2

[Event "Nord West Cup 16th"]
[Site "Bad Zwischenahn"]
[Date "2014.01.26"]
[Round "7"]
[White "Mekhitarian, Krikor Sevag"]
[Black "Jugelt, Tobias"]
[Result "1-0"]
[WhiteElo "2566"]
[BlackElo "2417"]
[PlyCount "81"]
[EventDate "2014.01.23"]
[EventType "swiss"]
[EventRounds "7"]
[EventCountry "GER"]
[SourceTitle "CBM 158 Extra"]
[Source "ChessBase"]
[SourceDate "2014.02.28"]
[SourceVersion "1"]
[SourceVersionDate "2014.02.28"]
[SourceQuality "1"]

1. d4 d5 2. c4 c6 3. Nf3 Nf6 4. Nc3 e6 5. e3 Be7 6. Bd3 O-O 7. O-O Nbd7 8. e4
dxe4 9. Nxe4 Nxe4 10. Bxe4 Nf6 11. Bc2 c5 12. Qd3 cxd4 13. Bg5 g6 14. Rad1 Nh5
15. Bxe7 Qxe7 16. Qxd4 f6 17. Qd6 Qxd6 18. Rxd6 Kf7 19. Rfd1 Ke7 20. Be4 Rb8
21. c5 e5 22. c6 bxc6 23. Rxc6 Rd8 24. Rc7+ Rd7 25. Rdxd7+ Bxd7 26. Bc6 Kd6 27.
Rxd7+ Kxc6 28. Rxa7 Rxb2 29. g3 Kd5 30. Rxh7 Rxa2 31. Nh4 f5 32. Nxg6 Nf6 33.
Rf7 Ra6 34. Nh4 Ke6 35. Rb7 Ne4 36. Rb2 Ng5 37. Kg2 e4 38. Rb5 e3 39. Nxf5 exf2
40. Nd4+ Kf6 41. Rf5+ 1-0